Lamb of God Discography - Statistics

General Stats
  • This quiz has been taken 12 times
  • The average score is 13 of 120
Answer Stats
Hint Answer % Correct
Ashes of the Wake Laid to Rest
80%
Ashes of the Wake
60%
Now You've Got Something to Die For
60%
Omerta
60%
Redneck
60%
Hourglass
50%
Lamb of God Memento Mori
50%
Sacrament Walk with Me in Hell
50%
512
40%
New American Gospel Black Label
40%
Omens
40%
The Faded Line
40%
Again We Rise
30%
As The Palaces Burn
30%
Break You
30%
Descending
30%
Embers
30%
Pathetic
30%
11th Hour
20%
Blacken the Cursed Sun
20%
Desolation
20%
Ghost Walking
20%
One Gun
20%
Remorse is for the Dead
20%
Resurrection Man
20%
As The Palaces Burn Ruin
20%
To The Grave
20%
Vigil
20%
Beating on Death's Door
10%
Burn the Priest Bloodletting
10%
Blood of the Scribe
10%
Checkmate
10%
Contractor
10%
Dimera
10%
Ditch
10%
Engage the Fear Machine
10%
Gears
10%
Gomorrah
10%
Grace
10%
Ill Designs
10%
Insurrection
10%
In Your Words
10%
King Me
10%
Lies of Autumn
10%
Omens Nevermore
10%
Overlord
10%
Pariah
10%
Purified
10%
Requiem
10%
Set to Fail
10%
VII: Sturm Und Drang Still Echoes
10%
Terror and Hubris in the House of Frank Pollard
10%
Wrath The Passing
10%
The Subtle Arts of Murder and Persuasion
10%
Torches
10%
Vanishing
10%
Visitation
10%
What I've Become
10%
Wine & Piss
10%
A Devil In God's Country
0%
Another Nail For Your Coffin
0%
Anthropoid
0%
A Warning
0%
Barbarosa
0%
Blood Junkie
0%
Bloodshot Eyes
0%
Boot Scraper
0%
Broken Hands
0%
Buckeye
0%
Cheated
0%
Choke Sermon
0%
Chronic Auditory Hallucination
0%
Confessional
0%
Dead Seeds
0%
Delusion Pandemic
0%
Denial Mechanism
0%
Departure Hymn
0%
Duane
0%
Erase This
0%
Everything to Nothing
0%
Fake Messiah
0%
Flux (Pariah)
0%
Footprints
0%
Foot to the Throat
0%
Forgotten (Lost Angels)
0%
For Your Malice
0%
Ghost Shaped People
0%
Goatfish
0%
Grayscale
0%
Guilty
0%
Half-Lid (A Warning)
0%
Hyperthermic/Accelerate
0%
In Defense of Our Good Name
0%
In the Absence of the Sacred
0%
Invictus
0%
Lame
0%
Letter to the Unborn
0%
More Time to Kill
0%
New Colossal Hate
0%
New Willenium (The Black Dahlia)
0%
Nightmare Seeker (The Little Red House)
0%
Nippon
0%
O.D.H.G.A.B.F.E.
0%
On The Hook
0%
Poison Dream
0%
Preaching to the Converted
0%
Reality Bath
0%
Reclamation
0%
Resurrection #9
0%
Routes
0%
Ruiner
0%
Salivation
0%
September Song
0%
Resolution Straight For The Sun
0%
Suffering Bastard
0%
Terminally Unique
0%
The Black Dahlia
0%
The Number Six
0%
The Undertow
0%
To The End
0%
No matching quizzes found
Score Distribution
Percent of People with Each Score
Percentile by Number Answered
Your Score History
You have not taken this quiz